| 000 | 00558nam a22001457a 4500 | ||
|---|---|---|---|
| 008 | 090715t xxu||||| |||| 00| 0 eng d | ||
| 050 |
_aHV5045 _b.H37 1960 |
||
| 100 | _aHartmark, A. D. | ||
| 245 |
_aPsychodynamics of Alcoholism _cby A. D. Hartmark |
||
| 260 |
_aMinneapolis _bCitizens' commission on Alcoholism, inc. _c1960 |
||
| 300 |
_a128p. ; _c23cm |
||
| 650 | _2Alcoholism | ||
| 942 |
_2lcc _cBK |
||
| 999 |
_c35223 _d35223 |
||